Dôvodová správa k novele zákona o cestnej dani

Cestnú daň upravuje zákon č. 87/1994 Z.z. v znení neskorších zákonov a zákona č. 386/1998 Z.z. Dôvodová správa k novele zákona o cestnej dani. Doložka zlučiteľnosti návrhu zákona s právom Európskej únie.

Enregistré dans:
Détails bibliographiques
Format: Chapitre de livre
Langue:slovaque
Sujets:
Tags: Ajouter un tag
Pas de tags, Soyez le premier à ajouter un tag!

MARC

LEADER 00000naa a2200000 4500
001 r036788
005 20230926082053.3
041 0 |a slo 
044 |a SK 
245 1 0 |a Dôvodová správa k novele zákona o cestnej dani 
520 |a Cestnú daň upravuje zákon č. 87/1994 Z.z. v znení neskorších zákonov a zákona č. 386/1998 Z.z. Dôvodová správa k novele zákona o cestnej dani. Doložka zlučiteľnosti návrhu zákona s právom Európskej únie. 
610 2 0 |a dane cestné 
610 2 0 |a správy dôvodové 
610 2 0 |a zákony 
610 2 0 |a novelizácia 
610 2 0 |a Slovensko 
610 2 0 |a 1999